Sports Quiz

Random Sports or Football Quiz

Premier League & Championship Managers Jan '14 Quiz Stats

 Plays Quiz not verified by Sporcle

Challenge
Share
Tweet
Embed
Score 0/44 Timer 14:00
0 Plays Today
Club Manager % Correct
ArsenalArsene Wenger
97.7%
ChelseaJosé Mourinho
94.5%
Manchester UnitedDavid Moyes
94%
Manchester CityManuel Pellegrini
93.5%
LiverpoolBrendan Rodgers
91.2%
EvertonRoberto Martinez
91.2%
Newcastle UnitedAlan Pardew
88.9%
Tottenham HotspurTim Sherwood
87.1%
Stoke CityMark Hughes
86.6%
Hull CitySteve Bruce
86.2%
West Ham UnitedSam Allardyce
86.2%
Crystal PalaceTony Pulis
85.7%
Swansea CityMichael Laudrup
82.9%
Aston VillaPaul Lambert
81.6%
SunderlandGus Poyet
81.6%
Queen's Park RangersHarry Redknapp
79.7%
Norwich CityChris Hughton
78.8%
SouthamptonMauricio Pochettino
77.9%
Cardiff CityOle Gunnar Solskjaer
76.5%
West BromPepe Mel
63.1%
Leeds UnitedBrian McDermott
62.2%
Derby CountySteve McClaren
56.7%
Club Manager % Correct
Ipswich TownMick McCarthy
56.7%
Leicester CityNigel Pearson
55.3%
Birmingham CityLee Clark
52.5%
MillwallIan Holloway
52.1%
FulhamRene Meulensteen
50.7%
BurnleySean Dyche
49.8%
ReadingNigel Adkins
49.8%
Nottingham ForestBilly Davies
49.3%
AFC BournemouthEddie Howe
46.5%
Wigan AthleticUwe Rosler
44.2%
Yeovil TownGary Johnson
41%
Charlton AthleticChris Powell
40.6%
MiddlesbroughAitor Karanka De La Hoz
38.2%
Bolton WanderersDougie Freedman
35.9%
BlackpoolBarry Ferguson
32.3%
Sheffield WednesdayStuart Gray
30.9%
Blackburn RoversGary Bowyer
30.4%
Brighton & Hove AlbionOscar Garcia
28.6%
Doncaster RoversPaul Dickov
22.6%
Huddersfield TownMark Robins
20.7%
BarnsleyDanny Wilson
19.8%
WatfordGiuseppe Sannino
8.8%

You're not logged in!

Compare scores with friends on all Sporcle quizzes.
Join for Free
OR
Log In

You Might Also Like...

Show Comments

Extras

Top Quizzes Today


Score Distribution

Your Account Isn't Verified!

In order to create a playlist on Sporcle, you need to verify the email address you used during registration. Go to your Sporcle Settings to finish the process.

Report this User

Report this user for behavior that violates our Community Guidelines.

Details: